Spotrebiteľská kúpna zmluva vo svetle novej právnej úpravy

Spotrebiteľská kúpna zmluva podľa novely Občianskeho zákonníka. Vzor reklamačného poriadku.

Gespeichert in:
Bibliographische Detailangaben
1. Verfasser: Fekete, Imrich
Format: Buchkapitel
Sprache:Slowakisch
Schlagworte:
Tags: Tag hinzufügen
Keine Tags, Fügen Sie das erste Tag hinzu!

MARC

LEADER 00000naa$a2200000$$$4500
001 0010129
005 20230919094126.6
041 0 |a slo 
044 |a SK 
245 1 0 |a Spotrebiteľská kúpna zmluva vo svetle novej právnej úpravy  |c aut. Imrich Fekete 
520 |a Spotrebiteľská kúpna zmluva podľa novely Občianskeho zákonníka. Vzor reklamačného poriadku. 
610 2 0 |a zmluvy kúpne 
610 2 0 |a úpravy právne 
610 2 0 |a predaj 
610 2 0 |a tovar 
610 2 0 |a reklamácie 
100 1 |a Fekete, Imrich